Statistics for Numbers in Russia Quiz

Click here to take the quiz!

General Stats

  • This quiz has been taken 12 times
  • The average score is 7 of 28

Answer Stats

Number Russian % Correct
1один
100%
2два
80%
3четыре
80%
7семь
40%
8восемь
40%
5пять
40%
9девять
40%
6шесть
40%
10десять
30%
100сто
30%
11одиннадцать
20%
40сорок
20%
30тридцать
10%
50пятьдесят
10%
60шестьдесят
10%
70семьдесят
10%
90девяносто
10%
80восемьдесят
10%
20двадцать
10%
14четырнадцать
10%
13тринадцать
10%
12двенадцать
10%
4четыре
10%
15пятнадцать
10%
16шестнадцать
10%
18восемнадцать
10%
17семнадцать
10%
19девятнадцать
10%

Score Distribution

Percentile by Number Answered

Percent of People with Each Score

Your Score History

You have not taken this quiz